000 00728nam a2200277Ia 4500
003 OSt
005 20221006144458.0
006 a|||||r|||| 00| 0
007 ta
008 221006b |||||||| |||| 00| 0 eng d
020 _aB0000CQIN5
_c150.00
024 _a11,753
037 _cTextual
040 _aEASL
_cEASL
_beng
041 _2eng
_aeng
082 _aV2:19.N8, M7
100 _aKumar Sudarshan
_9652097
245 0 _aTension free India
260 _aNew Delhi
_bArchives Pub. India
_c1987
300 _a184p.
_ccm.
490 _v Gen
650 _a Gen
650 _aIndia - Foreign relations
_928675
942 _hV2:19.N8, M7
_cTEXL
_2CC
999 _c1079839
_d1079839